Peter Norton's complete guide to Norton SystemWorks 2.0 / (Record no. 176056)

000 -LEADER
fixed length control field 00846 a2200217 4500
003 - CONTROL NUMBER IDENTIFIER
control field Nust
005 - DATE AND TIME OF LATEST TRANSACTION
control field 20220727150001.0
010 ## - LIBRARY OF CONGRESS CONTROL NUMBER
LC control number 98088327
020 ## - INTERNATIONAL STANDARD BOOK NUMBER
International Standard Book Number 0672315289
040 ## - CATALOGING SOURCE
Transcribing agency Nust
082 ## - DEWEY DECIMAL CLASSIFICATION NUMBER
Classification number 004.563,NOR
100 1# - MAIN ENTRY--PERSONAL NAME
Personal name Norton, Peter,
9 (RLIN) 5031
245 10 - TITLE STATEMENT
Title Peter Norton's complete guide to Norton SystemWorks 2.0 /
Statement of responsibility, etc. Peter Norton, Scott H.A. Clark.
246 3# - VARYING FORM OF TITLE
Title proper/short title Complete guide to Norton SystemWorks 2.0
260 ## - PUBLICATION, DISTRIBUTION, ETC.
Place of publication, distribution, etc. Indianapolis, Ind. :
Name of publisher, distributor, etc. Sams Publishing,
Date of publication, distribution, etc. c1999.
300 ## - PHYSICAL DESCRIPTION
Extent xvi, 560 p. :
Other physical details ill. ;
Dimensions 24 cm.
505 ## - FORMATTED CONTENTS NOTE
Formatted contents note Part-1: Introduction to Norton Systems Works (Page-1),Part-II: Protection and Prevention (Page-31), Part.III: Recovery (Page-227), Part-IV: Optimization and Customization (Page-363).
650 #0 - SUBJECT ADDED ENTRY--TOPICAL TERM
Topical term or geographic name entry element Utilities (Computer programs)
9 (RLIN) 36637
700 1# - ADDED ENTRY--PERSONAL NAME
Personal name Clark, Scott H.
9 (RLIN) 95531
942 ## - ADDED ENTRY ELEMENTS (KOHA)
Source of classification or shelving scheme
Koha item type Book
Call number prefix 004.563,NOR
Holdings
Withdrawn status Lost status Source of classification or shelving scheme Damaged status Not for loan Permanent Location Current Location Shelving location Date acquired Full call number Barcode Date last seen Price effective from Koha item type Public note
          Military College of Signals (MCS) Military College of Signals (MCS) General Stacks 12/12/2016 004.563,NOR MCS28085 12/08/2016 12/12/2016 Book Almirah No.2, Self No.6
© 2023 Central Library, National University of Sciences and Technology. All Rights Reserved.